| 000 | 00415nam a2200157Ia 4500 | ||
|---|---|---|---|
| 005 | 20250310020708.0 | ||
| 008 | 240331s9999 xx 000 0 und d | ||
| 020 | _a955956465XX | ||
| 082 |
_bHOR _a323 |
||
| 100 | _aHorashes, A | ||
| 245 | 0 | _aGini avi saha gini keliI-4 | |
| 260 |
_aColombo _bGodake & sons _c1999 |
||
| 300 | _a214 p ., (v-4) | ||
| 500 | _aPresidential commission on political murders. | ||
| 942 | _cL | ||
| 999 |
_c2484 _d2484 |
||